History Quiz

Random History or War Quiz

Active (as of July 15, 2012) Wars in the World Quiz Stats

 Plays Quiz not verified by Sporcle

Challenge
Share
Tweet
Embed
Score 0/15 Timer 05:00
0 Plays Today
% Correct
Afghanistan
92.6%
Syria
91%
Pakistan
75.4%
Somalia
74.6%
Congo
68%
India
65.6%
Mexico
59%
China
58.2%
% Correct
Colombia
54.9%
Nigeria
53.3%
Yemen
53.3%
Mali
51.6%
Turkey
42.6%
Nepal
28.7%
Burma
13.1%

You're not logged in!

Compare scores with friends on all Sporcle quizzes.
OR
Log In

You Might Also Like...

Show Comments

Extras

Created Jul 18, 2012SourceReportNominate
Tags:War Quiz

Top Quizzes Today


Score Distribution

Your Account Isn't Verified!

In order to create a playlist on Sporcle, you need to verify the email address you used during registration. Go to your Sporcle Settings to finish the process.

Report this User

Report this user for behavior that violates our Community Guidelines.

Details: